000 00687nam a2200229 a 4500
999 _c11593
_d11593
001 11593
003 BD-JhCC
005 20200702124134.0
008 200702b2020 bg ||||| ||a| 000 0 ben d
020 _a9789845100366
035 _a(BD-JhCC)11593
040 _aBD-JhCC
_dBD-JhCC
041 _aben
082 _a954.905
_bSAH 2020
100 _aসাহা, সনৎকুমার
245 _aবঙ্গবন্ধু-বাংলাদেশ /
_cসনৎকুমার সাহা ।
260 _aঢাকা:
_bকথাপ্রকাশ;
_c২০২০.
300 _a135 p. :
_c20 cm.
650 _aLiberation
_zBangladesh
942 _2ddc
_cBK